Indiana Jones Countries Visited Map - Statistics

General Stats
  • This quiz has been taken 43,041 times
    42,995 since last reset
  • The average score is 19 of 23
Answers on the Map
Answers color-coded by a green-red scale on the quiz's map according to % correct below.
 
Answer Stats
Country % Correct
United States
99%
India (UK)
98%
Egypt
97%
Germany
97%
China
96%
Italy
96%
Peru
96%
Portugal
96%
Brazil
95%
United Kingdom
94%
Mexico
90%
Iraq
89%
Greece
88%
Nepal
88%
Austria
83%
Philippines (US)
80%
Honduras
76%
Madagascar (France)
76%
Hawaii (US)
72%
Cuba
70%
Newfoundland (UK)
51%
Azores (Portugal)
40%
Hatay
10%
No matching quizzes found
Score Distribution
Percent of People with Each Score
Percentile by Number Answered
Your Score History
You have not taken this quiz since the last reset